|
|
|
|
| LEADER |
00947nam a2200241 a 4500 |
| 001 |
2959214 |
| 008 |
100126s1991 caua b 001 0 eng d |
| 010 |
|
|
|a 91010257
|
| 020 |
|
|
|a 080393775X
|
| 020 |
|
|
|a 0803937768 (pbk.)
|
| 040 |
|
|
|a DLC
|c DLC
|d DLC
|d DB-DhAAL
|
| 082 |
0 |
0 |
|a 300/.72
|2 20
|
| 100 |
1 |
|
|a DeVellis, Robert F.
|
| 245 |
1 |
0 |
|a Scale development :
|b theory and applications /
|c Robert F. DeVellis.
|
| 260 |
|
|
|a Newbury Park, Calif. :
|b Sage,
|c c1991.
|
| 300 |
|
|
|a 120 p. :
|b ill. ;
|c 22 cm.
|
| 490 |
0 |
|
|a Applied social research methods series ;
|v v. 26
|
| 504 |
|
|
|a Includes bibliographical references (p. 115-118) and index.
|
| 541 |
1 |
|
|e 00005749
|
| 650 |
|
0 |
|a Scaling (Social sciences)
|
| 852 |
4 |
|
|a Ayesha Abed Library
|j General Shelf.
|
| 999 |
|
|
|c 7202
|d 7202
|
| 952 |
|
|
|0 0
|1 0
|2 ddc
|4 0
|6 300_720000000000000_DEV_1991
|7 0
|9 7494
|a BRACUL
|b BRACUL
|c GEN
|d 2010-01-26
|g 0.00
|l 0
|o 300.72 DEV
|p 3010005749
|r 2010-01-26
|t 1
|w 2010-01-26
|y BK
|z Not price in Register
|